000 00825cam a22002774a 4500
008
020 _a9781444146035 (pbk.)
049 _aMAIN
090 _aRD35
_bBRO
245 0 0 _aBrowse's introduction to the symptoms and signs of surgical disease /
_cedited by Kevin G. Burnard
250 _a5th ed.
260 _aLondon :
_bCRC Press,
_c2015.
300 _a620 p. :
_bcol. ill. ;
_c25 cm.
500 _aIncludes index.
650 0 _aDiagnosis, Surgical.
650 1 2 _aDiagnostic Techniques, Surgical.
650 2 2 _aPhysical Examination.
700 _aThomas, William EG
700 _aCorbett, Steven A
700 _aBlack, John.
907 _a.b10380863
_b06-07-17
_c06-07-17
003
005 20250405112036.0
040 _cNUST
942 _cBOOKS
_kRD35
_mBRO
_04
999 _c130619
_d130619